|
|
|
|
| LEADER |
00000nab a2200000 a 4500 |
| 001 |
vtls000498854 |
| 003 |
SK-MaSNL |
| 005 |
20260304014814.0 |
| 008 |
241210c1993 xo 0 slo |
| 015 |
|
|
|a SNBRB19rr/mm-uuuuu
|
| 035 |
|
|
|a CL0498992
|
| 035 |
|
|
|a urn:nbn:sk:snk-abbnvk
|
| 035 |
|
|
|a (urnnbn)urn:nbn:sk:snk:ar-002oje
|
| 035 |
|
|
|a (uuid)0682a3f9-4e7e-49f7-a06e-b0b681bbc8c8
|
| 040 |
|
|
|a SNKBUCL
|b slo
|c SNKBUCL
|e AACR2
|
| 041 |
0 |
|
|a slo
|
| 044 |
|
|
|a xo
|c SK
|
| 080 |
|
|
|a 82.09:885.4-1(048)
|2 1981
|
| 080 |
|
|
|a 885.4-1(048)
|2 1981
|
| 100 |
1 |
|
|a Hatala, Marián,
|d 1958-
|4 aut
|9 100416
|
| 245 |
1 |
0 |
|a Štvrtok je ktorýkoľvek deň v týždni
|c Marián Hatala
|
| 650 |
0 |
7 |
|a slovenská poézia
|2 snkbucl
|9 215422
|
| 655 |
|
7 |
|a recenzie
|2 snkbucl
|9 21907
|
| 655 |
|
7 |
|a články z novín a časopisov
|2 snkbucl
|9 267496
|
| 655 |
|
7 |
|a články z odboru literárna veda a krásna literatúra
|2 snkbucl
|9 770045
|
| 773 |
0 |
|
|t Dotyky
|g Roč. 5, č. 6 (1993), s. 47
|
| 787 |
0 |
8 |
|i Rec.:
|a Hochel, Braňo
|t Vo štvrtok a iné predbežne
|d Bratislava : Slovenský spisovateľ, 1992
|
| 850 |
|
|
|a Slovenská národná knižnica
|
| 852 |
|
|
|a Slovenská národná knižnica
|
| 958 |
|
|
|a RK
|
| 958 |
|
|
|a LX
|
| 958 |
|
|
|a OND
|
| 958 |
|
|
|a EUIPO
|
| 958 |
|
|
|a article15
|
| 992 |
|
|
|a RBX
|
| 999 |
|
|
|c 2587839
|d 2589769
|